Państwa po kawałkach flag #1 - Statystyki

Ogólne statystyki
  • Ten quiz został rozwiązany 4 496 razy
  • Średni wynik to 14 z 16
Statystyki odpowiedzi
Obrazkowy Odpowiedź % Poprawnych
Kanada
100%
Belgia
99%
Grecja
99%
Turcja
96%
Katar
95%
USA
95%
Izrael
94%
RPA
93%
Serbia
93%
Urugwaj
93%
Wenezuela
90%
Kuba
88%
Szwecja
78%
Papua-Nowa Gwinea
69%
Malta
67%
Uganda
67%
Nie znaleziono quizów pasujących do podanych kryteriów
Rozkład punktacji
Procent ludzi z każdym wynikiem
Percentyl według liczby udzielonych odpowiedzi
Twoja historia wyników
Nie rozwiązałeś tego quizu